000 00633nam a2200229Ia 4500
008 160303s9999 xx 000 0 und d
020 _a971-8711-07-4
050 _aFIL PE 1431
050 _b.A37 1952
100 _aAfrica, Francisco.
245 4 _aThe Art of argumentation and debate /
245 _cFrancisco M. Africa, Ricardo P. Garcia.
260 _aManila:
260 _bPublishers Association of the Philippines Inc.,
260 _c1952
300 _a286 pages :
300 _billustrations ;
300 _c22 cm.
500 _aIncludes index.
650 _aArgumentation.
650 _aDebates and debating.
999 _c291184
_d291184